Statistics for NCAA Mens Basketball Final Four

Click here to take the quiz!

General Stats

  • This quiz has been taken 11,674 times
    (3,722 since last reset)
  • The average score is 57 of 95

Answer Stats

FF Wins School % Correct
30Texas
95%
206North Carolina
95%
165Duke
95%
81Michigan
94%
178Kentucky
93%
31Virginia
92%
1811UCLA
92%
52Florida
91%
153Kansas
90%
102Michigan State
89%
21Oregon
87%
111Ohio State
85%
50Oklahoma
84%
85Indiana
84%
10Washington
84%
41Arizona
83%
10Georgia
83%
41Wisconsin
82%
10Florida State
82%
63Villanova
80%
54Connecticut
79%
10Texas Tech
79%
40LSU
78%
10South Carolina
78%
10Penn
78%
50Illinois
78%
20USC
76%
21Maryland
76%
30Iowa
75%
20California
75%
10Minnesota
75%
40Kansas State
73%
61Syracuse
73%
41Utah
73%
20Colorado
73%
103Louisville
72%
10Gonzaga
72%
41Arkansas
72%
62Oklahoma State
72%
32NC State
70%
10Washington State
68%
20Oregon State
68%
20Georgia Tech
67%
51Georgetown
67%
41UNLV
67%
20West Virginia
67%
61Auburn
66%
10Penn State
65%
10Iowa State
65%
21Stanford
64%
10Notre Dame
61%
30Memphis
60%
50Houston
59%
20Purdue
59%
10Mississippi State
58%
10Massachusetts
58%
10Baylor
57%
10Pittsburgh
57%
20Butler
56%
10Indiana State
56%
62Cincinnati
53%
10Wake Forest
53%
10Rutgers
52%
21Loyola-Chicago
52%
10Princeton
50%
11Wyoming
49%
31Marquette
48%
10New Mexico State
46%
20St. John's
45%
20NYU
45%
11UTEP
45%
20Wichita State
42%
20Temple
42%
32San Francisco
41%
10George Mason
39%
20Providence
39%
10VCU
38%
10Seton Hall
37%
10SMU
34%
10Dayton
34%
20DePaul
32%
20Dartmouth
29%
10St. Joseph's
25%
10Seattle
23%
21LaSalle
23%
10Jacksonville
23%
10Western Kentucky
22%
21Holy Cross
22%
10Charlotte
20%
31CCNY
19%
10Drake
18%
10St. Bonaventure
16%
10Duquesne
16%
20Bradley
16%
10Santa Clara
14%

Score Distribution

Percentile by Number Answered

Percent of People with Each Score

Your Score History

You have not taken this quiz since the last reset